Countries that Search Afghanistan the Most - Statistics

General Stats
  • This quiz has been taken 26 times
  • The average score is 5 of 10
Answer Stats
Google Trend Score Answer % Correct
3 Iran
96%
2 Pakistan
96%
4 Tajikistan
78%
1 Uzbekistan
70%
1 United Arab Emirates
48%
1 Qatar
43%
1 Germany
39%
1 Sweden
17%
1 Nigeria
4%
2 Ghana
0%
No matching quizzes found
Score Distribution
Percent of People with Each Score
Percentile by Number Answered
Your Score History
You have not taken this quiz